[Event "EU-ch 3rd"]
[Site "Batumi"]
[Date "2002.06.16"]
[Round "5"]
[White "Kharlov, Andrei"]
[Black "Supatashvili, Khvicha"]
[Result "1-0"]
[WhiteElo "2633"]
[BlackElo "2509"]
[PlyCount "83"]
[EventDate "2002.06.12"]
[EventType "swiss"]
[EventRounds "13"]
[EventCountry "GEO"]
[SourceTitle "CBM 090"]
[Source "ChessBase"]
[SourceDate "2002.09.20"]
[SourceVersion "1"]
[SourceVersionDate "2002.09.20"]
[SourceQuality "1"]

1. c4 e5 2. Nc3 Bb4 3. Nd5 Be7 4. d4 d6 5. Nf3 e4 6. Nd2 f5 7. e3 Nf6 8. Nf4
O-O 9. b4 c5 10. Nb3 cxb4 11. a3 g5 12. Nh3 h6 13. axb4 d5 14. c5 Be6 15. Ng1
Nbd7 16. Ne2 a6 17. Bd2 Qc7 18. Nc3 f4 19. Be2 Bf5 20. Qc1 f3 21. gxf3 exf3 22.
Bxf3 Qc6 23. Bg2 Qe6 24. O-O Bd3 25. Re1 g4 26. Nxd5 Nxd5 27. e4 Nxb4 28. d5
Qf7 29. Bxb4 Ne5 30. Qxh6 Qxf2+ 31. Kh1 Bf6 32. c6 Rf7 33. Bc5 Qc2 34. cxb7 Rb8
35. Bd6 Bg7 36. Qe6 Rbxb7 37. Bxe5 Rbe7 38. Qxg4 Rxe5 39. Nd4 Qc4 40. Ne6 Bxe4
41. Bxe4 Rxe4 42. Rxe4 1-0

[Event "EU-ch 3rd"]
[Site "Batumi"]
[Date "2002.06.18"]
[Round "7"]
[White "Kharlov, Andrei"]
[Black "Galkin, Alexander"]
[Result "0-1"]
[WhiteElo "2633"]
[BlackElo "2569"]
[PlyCount "104"]
[EventDate "2002.06.12"]
[EventType "swiss"]
[EventRounds "13"]
[EventCountry "GEO"]
[SourceTitle "CBM 090"]
[Source "ChessBase"]
[SourceDate "2002.09.20"]
[SourceVersion "1"]
[SourceVersionDate "2002.09.20"]
[SourceQuality "1"]

1. d4 d5 2. c4 e6 3. Nc3 c6 4. e4 dxe4 5. Nxe4 Bb4+ 6. Bd2 Qxd4 7. Bxb4 Qxe4+
8. Ne2 Na6 9. Bf8 Ne7 10. Bxg7 Nb4 11. Qd6 Nd3+ 12. Kd2 Nf5 13. Qxd3 Qxd3+ 14.
Kxd3 Nxg7 15. Kc3 Ke7 16. Ng3 c5 17. Bd3 b6 18. Be4 Rb8 19. Rhe1 Bb7 20. Rad1
Bxe4 21. Rxe4 f5 22. Ree1 Rbd8 23. b4 Rxd1 24. Rxd1 Rc8 25. b5 Ne8 26. Nh5 Rd8
27. Rxd8 Kxd8 28. f3 Ke7 29. Kd3 Nd6 30. g4 Nf7 31. gxf5 Ne5+ 32. Ke4 Nxc4 33.
fxe6 Kxe6 34. Nf4+ Kd6 35. Ne2 Nd2+ 36. Ke3 Nf1+ 37. Kf2 Nxh2 38. Kg2 Nxf3 39.
Kxf3 Kd5 40. Ke3 Kc4 41. Kd2 Kxb5 42. Kc3 Ka4 43. Kb2 h5 44. a3 h4 45. Nf4 c4
46. Ka2 b5 47. Kb2 c3+ 48. Ka2 c2 49. Kb2 c1=Q+ 50. Kxc1 Kxa3 51. Kb1 a5 52.
Nh3 Kb3 0-1

[Event "EU-ch 3rd"]
[Site "Batumi"]
[Date "2002.06.20"]
[Round "8"]
[White "Sturua, Zurab"]
[Black "Kharlov, Andrei"]
[Result "0-1"]
[WhiteElo "2565"]
[BlackElo "2633"]
[PlyCount "58"]
[EventDate "2002.06.12"]
[EventType "swiss"]
[EventRounds "13"]
[EventCountry "GEO"]
[SourceTitle "CBM 090"]
[Source "ChessBase"]
[SourceDate "2002.09.20"]
[SourceVersion "1"]
[SourceVersionDate "2002.09.20"]
[SourceQuality "1"]

1. d4 d5 2. c4 dxc4 3. e4 Nc6 4. Be3 Nf6 5. Nc3 e5 6. d5 Na5 7. Nf3 Bd6 8. Qa4+
Bd7 9. Qxa5 a6 10. b4 b6 11. Qa3 a5 12. Qc1 axb4 13. Nd1 b5 14. Bg5 h6 15. Bxf6
Qxf6 16. Ne3 O-O 17. Nd2 Bc5 18. Ndxc4 bxc4 19. Bxc4 Bd4 20. Rb1 Bc3+ 21. Ke2
Rfb8 22. Qc2 Bb5 23. Rhc1 Qa6 24. Bxb5 Rxb5 25. Qd3 Qxa2+ 26. Kf1 Rb6 27. Nd1
Bd4 28. Qb3 Qd2 29. Rxc7 Ra2 0-1

[Event "EU-ch 3rd"]
[Site "Batumi"]
[Date "2002.06.21"]
[Round "9"]
[White "Kharlov, Andrei"]
[Black "Mamedyarov, Shakhriyar"]
[Result "1/2-1/2"]
[WhiteElo "2633"]
[BlackElo "2542"]
[Annotator "Krasenkow,M"]
[PlyCount "133"]
[EventDate "2002.06.12"]
[EventType "swiss"]
[EventRounds "13"]
[EventCountry "GEO"]
[SourceTitle "CBM 090"]
[Source "ChessBase"]
[SourceDate "2002.09.20"]
[SourceVersion "1"]
[SourceVersionDate "2002.09.20"]
[SourceQuality "1"]

1. d4 Nf6 2. c4 g6 3. Nc3 d5 4. cxd5 Nxd5 5. e4 Nxc3 6. bxc3 Bg7 7. Bc4 c5 8.
Ne2 Nc6 9. Be3 O-O 10. O-O Bg4 11. f3 Na5 12. Bd3 cxd4 13. cxd4 Be6 14. d5 Bxa1
15. Qxa1 f6 16. Bh6 Re8 17. Kh1 {About this line - see annotations to the game
Kobalia-Odeev in CBM81.} Rc8 18. Nf4 Bd7 19. e5 e6 $6 $146 {Quite a dubious
novelty.} (19... Nc4 {is the main line,in which GM M.Kobalia demonstrated an
interesting idea:} 20. e6 Ba4 (20... Ne5 $5 21. exd7 Qxd7 22. Qb1 Nxd3 23. Qxd3
e5 24. Ne2 Qa4 25. Nc3 Qd4 26. Qxd4 exd4 27. Ne4 Red8 28. Nxf6+ Kf7 29. Ne4
Rxd5 30. Kg1 $14 {_|_1-0 Nielsen,P-Turov,M/Copenhagen DEN 2002/The Week in
Chess 403 (62)}) 21. Nxg6 hxg6 22. Bxg6 Ne5 23. Be4 Bc2 {(a theoretical
continuation, considered satisfactory for Black)} 24. Bxc2 Rxc2 25. Qd1 Qc7 (
25... Kh7 26. f4 $1 (26. Qxc2+ $6 Kxh6 27. f4 Ng6 28. Qf5 (28. Qb3 $142) 28...
Rh8 29. g3 Qa5 30. Rd1 Qxa2 $19 {0-1 Bannik,A-Novotelnov,N/Tbilisi tt 1951 (37)
}) 26... Kxh6 27. fxe5 Qc7 {-see 25...Qc7}) 26. f4 Rc1 $6 (26... Kh7 $142 27.
fxe5 (27. Bg5 fxg5 28. Qh5+ Kg7 29. fxe5 Rf8 {and White must give a perpetual})
27... Kxh6 28. exf6 $13) 27. Qxc1 Qxc1 28. Rxc1 Ng4 29. h3 $1 Nxh6 30. g4 {
[%csl Rh6]} Rd8 31. Rc7 Kf8 32. Rd7 $1 $16 {_|_1-0 Kobalija,M-Zakharstov,V/St
Petersburg 2001/EXT 2002 (45).}) 20. dxe6 Bxe6 21. exf6 (21. Bb5 $142 $1 f5 (
21... Bd7 22. exf6 Kf7 23. Rd1 Bxb5 24. Rxd8 Rexd8 25. Nh3 Rc5 26. Qe1 $1 (26.
Ng5+ $2 Rxg5 27. Bxg5 Be2) 26... Nc6 27. Ng5+ Rxg5 28. Bxg5 Ba4 29. Bd2 $18)
22. Bxe8 (22. Rd1 Qh4 23. Bxe8 Rxe8 24. Nxe6 Rxe6 25. Qc3 $16) 22... Qxe8 23.
Rd1 $16) 21... Bf7 {A similar position arose in Kobalia-Odeev, with the black
pawn on a6 instead of rook on c8.} 22. Rd1 Rc6 $6 {Black gives back the
exchange entering into an inferior endgame.} (22... Qc7 $5 23. Bb5 $140 Red8)
23. Bb5 Qxf6 24. Qxf6 Rxf6 25. Bxe8 Bxe8 {[%mdl 4096] Black has weak dark
squares and a poorly protected king.} 26. Rd8 Kf7 27. Nh3 {[%csl Rh7][%cal
Yh3g5]} Ke7 28. Rd1 {[%cal Rh6g5]} (28. Ra8 $143 Ra6) 28... Re6 29. Ng5 Re2 30.
h4 (30. Nxh7 Rxa2 31. Bg5+ (31. Re1+ Kd6 $1) 31... Ke6 32. Re1+ Kd6 $1 33. Bf4+
Kc5 {doesn't yield White any real benefit.}) 30... Rxa2 31. Nxh7 $6 (31. Re1+
$1 Kd8 32. Nxh7 {was apparently more precise as the black king is clearly
misplaced on d8.}) 31... Re2 {It's now difficult for White to penetrate into
Black's position. However, in mutual "eternal" time-trouble (30 seconds per
move, with a requirement to score the game!) a comedy of errors starts. I
think, those who invented this new time control should be brought to justice
for killing the whole stage of a chess game: the endgame.} 32. Bg5+ Kf7 33. Rd8
Bc6 $2 {White now wins the g6 pawn obtaining good winning chances.} (33... Nc6
$1 {was correct:} 34. Rc8 Ne7 35. Rb8 (35. Rc7 Bc6) 35... Bc6 36. Rf8+ Ke6 {
with a good position.}) 34. Rf8+ Ke6 35. Rf6+ Kd5 36. Rxg6 b5 37. Nf6+ $2 {
An unnecessary check depriving the white bishop of the important square.} (37.
h5 $142 b4 38. h6 b3 39. Bf6 Nc4 40. Rg5+ Ne5 (40... Ke6 41. Bd4 {[%cal Rh7f8]}
) 41. Bxe5 Rxe5 42. Nf6+ Ke6 43. Rxe5+ Kxe5 44. h7 b2 45. h8=Q b1=Q+ 46. Kh2 {
and White should win.}) 37... Kc4 38. Ne4 (38. h5 b4 39. h6 b3 {is impossible
now as White can't play 40.Bf6:} 40. Bc1 (40. h7 b2 41. h8=Q b1=Q+ 42. Kh2 Qxg6
$19) 40... Re1+ 41. Kh2 Rxc1 42. h7 b2 43. Rg4+ Kb5 44. h8=Q b1=Q $19) 38...
Bxe4 39. fxe4 b4 40. h5 (40. Ra6 b3 41. Bf6 Nb7 42. Rxa7 Nc5 $11) 40... b3 41.
Bf6 Rxe4 $2 {A losing move.} (41... b2 42. Bxb2 Rxb2 43. h6 Rb8 {and Black
should easily reach the draw.}) 42. h6 Rh4+ $5 43. Kg1 $2 {Apparently White
had no time to calculate} (43. Bxh4 $1 b2 44. Rg4+ $1 Kb3 ({or} 44... Kb5) 45.
Be1 $1 {the point!} Nc4 46. h7 b1=Q 47. h8=Q Qxe1+ 48. Kh2 $18) 43... Nc6 44.
Bxh4 $2 {Too late! This capture leads to a drawish position.} (44. Bb2 $1 {
was correct. In positions with passed pawns on both sides the bishop is much
stronger than the knight. Then White moves the g-pawn forward, with good
winning chances, e.g.} Kd5 (44... Nd4 45. g3 Nf3+ (45... Ne2+ 46. Kg2 Rh5 47.
Rg4+ Kd3 48. Rh4 $18) 46. Kf2 Rh2+ 47. Kxf3 Rxb2 48. Rg4+ Kd5 49. Rh4 $18) 45.
g3 Rh5 46. g4 Rh4 47. Kf2 $1 $16 (47. Rg5+ Ke6 48. Rh5 Rxh5 49. gxh5 Nd8 $11)
47... Nd4 $2 48. Rg5+ Ke6 49. Rh5 $18) 44... b2 45. Rxc6+ Kd5 46. Rc7 b1=Q+ 47.
Kh2 Qg6 48. h7 Qh6 $11 {Any attempt to support the h7 pawn leads to a
perpetual check; besides, Black has his own trump, the a-pawn.} 49. g3 a5 50.
Ra7 Ke4 51. Kg2 Qh5 52. Re7+ Kf5 53. Kh3 Qg4+ 54. Kh2 Qh5 55. Kh3 Qg4+ 56. Kg2
Qh5 57. Bg5 $5 Qxg5 58. h8=Q Qxe7 59. Qc8+ Kg5 60. Qc1+ Kg6 61. Qb1+ Kg7 62.
Qa1+ Kg6 63. Qxa5 Qe2+ 64. Kh3 Qf1+ 65. Kg4 Qe2+ 66. Kf4 Qf2+ 67. Kg4 1/2-1/2

[Event "EU-ch 3rd"]
[Site "Batumi"]
[Date "2002.06.22"]
[Round "10"]
[White "Sargissian, Gabriel"]
[Black "Kharlov, Andrei"]
[Result "1/2-1/2"]
[WhiteElo "2538"]
[BlackElo "2633"]
[PlyCount "104"]
[EventDate "2002.06.12"]
[EventType "swiss"]
[EventRounds "13"]
[EventCountry "GEO"]
[SourceTitle "CBM 090"]
[Source "ChessBase"]
[SourceDate "2002.09.20"]
[SourceVersion "1"]
[SourceVersionDate "2002.09.20"]
[SourceQuality "1"]

1. c4 e5 2. Nc3 Nc6 3. g3 g6 4. Bg2 Bg7 5. e3 f5 6. Nge2 Nf6 7. d4 d6 8. O-O
O-O 9. Rb1 e4 10. f3 exf3 11. Bxf3 g5 12. b4 Kh8 13. Qd3 h6 14. Nd5 Nxd5 15.
cxd5 Ne7 16. Bg2 Bd7 17. Nc3 Qe8 18. b5 Qg6 19. Bd2 f4 20. Be4 Bf5 21. Bxf5
Qxf5 22. Qxf5 Rxf5 23. g4 Rff8 24. Rb4 fxe3 25. Bxe3 Ng6 26. Rc4 Rfe8 27. Rf3
Re7 28. Kf2 Nh4 29. Rg3 Rae8 30. Nd1 Ng6 31. Nc3 Kg8 32. Ke2 b6 33. Kf2 Nh4 34.
Nd1 Rf8+ 35. Ke2 Rf4 36. Kd3 Rf1 37. Nf2 Ra1 38. Rc2 Rb1 39. Kc4 Ng2 40. Bd2
Nh4 41. Re3 Rf7 42. Nd3 Nf3 43. Bc3 a6 44. a4 axb5+ 45. axb5 Rh1 46. Rf2 Nh4
47. Re8+ Rf8 48. Re7 Rxf2 49. Nxf2 Rf1 50. Ne4 Rf7 51. Rxf7 Kxf7 52. h3 Nf3
1/2-1/2

[Event "EU-ch 3rd"]
[Site "Batumi"]
[Date "2002.06.23"]
[Round "11"]
[White "Kharlov, Andrei"]
[Black "Minasian, Artashes"]
[Result "1/2-1/2"]
[WhiteElo "2633"]
[BlackElo "2473"]
[PlyCount "82"]
[EventDate "2002.06.12"]
[EventType "swiss"]
[EventRounds "13"]
[EventCountry "GEO"]
[SourceTitle "CBM 090"]
[Source "ChessBase"]
[SourceDate "2002.09.20"]
[SourceVersion "1"]
[SourceVersionDate "2002.09.20"]
[SourceQuality "1"]

1. c4 f5 2. g3 Nf6 3. Bg2 g6 4. Nc3 Bg7 5. d3 O-O 6. e4 fxe4 7. dxe4 e5 8. Nge2
d6 9. O-O Be6 10. b3 Qd7 11. f4 Nc6 12. Qd3 Nd4 13. Ba3 c5 14. fxe5 Ng4 15.
Nxd4 cxd4 16. Nd5 Nxe5 17. Qd2 Bg4 18. Bb2 d3 19. Nf4 b5 20. Nxd3 bxc4 21. Nxe5
dxe5 22. Rxf8+ Rxf8 23. Qxd7 Bxd7 24. bxc4 Rc8 25. Bf1 Bc6 26. Re1 Rd8 27. Bc3
Bf8 28. Bg2 Bc5+ 29. Kh1 Rd3 30. Bxe5 Rd2 31. a4 Bxa4 32. Bf4 Rd1 33. Rxd1 Bxd1
34. e5 a5 35. Bd5+ Kf8 36. Kg2 a4 37. Bc1 a3 38. Kf1 Bg4 39. Ke1 Bb4+ 40. Kf2
Bc5+ 41. Ke1 Ke7 1/2-1/2

[Event "EU-ch 3rd"]
[Site "Batumi"]
[Date "2002.06.24"]
[Round "12"]
[White "Gagunashvili, Merab"]
[Black "Kharlov, Andrei"]
[Result "1/2-1/2"]
[WhiteElo "2472"]
[BlackElo "2633"]
[PlyCount "74"]
[EventDate "2002.06.12"]
[EventType "swiss"]
[EventRounds "13"]
[EventCountry "GEO"]
[SourceTitle "CBM 090"]
[Source "ChessBase"]
[SourceDate "2002.09.20"]
[SourceVersion "1"]
[SourceVersionDate "2002.09.20"]
[SourceQuality "1"]

1. d4 Nf6 2. c4 e6 3. Nf3 d5 4. Nc3 dxc4 5. e3 a6 6. a4 c5 7. Bxc4 Nc6 8. O-O
Be7 9. Qe2 O-O 10. Rd1 Qc7 11. d5 exd5 12. Nxd5 Nxd5 13. Bxd5 Bf6 14. e4 Bg4
15. Be3 Bxf3 16. Qxf3 Bxb2 17. Rab1 Bd4 18. Bxc6 Qxc6 19. Bxd4 cxd4 20. Rxd4 b5
21. axb5 axb5 22. Rdb4 Ra4 23. Qb3 Rxb4 24. Qxb4 Rb8 25. g3 g6 26. h4 h5 27.
Kh2 Qc2 28. Rb2 Qd3 29. Kg2 Rc8 30. Qxb5 Qxe4+ 31. f3 Qd4 32. Re2 Rc1 33. Qe8+
Kg7 34. Qe5+ Qxe5 35. Rxe5 Rc2+ 36. Kf1 Kf6 37. Ra5 Kg7 1/2-1/2

[Event "EU-ch 3rd"]
[Site "Batumi"]
[Date "2002.06.26"]
[Round "13"]
[White "Kharlov, Andrei"]
[Black "Izoria, Zviad"]
[Result "1/2-1/2"]
[WhiteElo "2633"]
[BlackElo "2556"]
[Annotator "Dautov"]
[PlyCount "58"]
[EventDate "2002.06.12"]
[EventType "swiss"]
[EventRounds "13"]
[EventCountry "GEO"]
[SourceTitle "CBM 090"]
[Source "ChessBase"]
[SourceDate "2002.09.20"]
[SourceVersion "1"]
[SourceVersionDate "2002.09.20"]
[SourceQuality "1"]

1. c4 c5 2. Nc3 Nf6 3. Nf3 e6 4. e3 d5 5. d4 cxd4 6. exd4 Bb4 7. cxd5 Nxd5 8.
Qc2 Nc6 9. Be2 O-O 10. O-O Re8 {Dies ist die beste Reaktion auf die weiße
Figurenaufstellung. Der Bb4 zieht sich auf f8 zurück und Schwarz ist jederzeit
bereit, dem Angriffsmanöver Qe4, Bd3 mit g7-g6 zu begegnen.} 11. Rd1 Bd7 $1 {
Meistens gibt Schwarz 11...Bf8 den Vorzug. Die Idee des Textzuges, der bisher
einmal erprobt wurde, besteht darin, daß Schwarz vorerst am Punkt c3 "kleben"
bleibt und die Batterie Qe4, Bd3 nicht kampflos erlaubt.} (11... Bf8 12. Qe4 $1
(12. Ne5 Nxc3 13. Qxc3 (13. bxc3 $2 Nxe5 14. dxe5 Qc7 $17) 13... Bd7 $11) (12.
Bd3 g6 13. Be4 Nxc3 14. bxc3 Bd7 15. Bf4 Rc8 $11) 12... Bd7 (12... g6 13. Bg5 (
13. Bc4 Nxc3 14. bxc3 Bd7 15. Bg5 $14) 13... f6 14. Bd2 Bg7 15. Bb5 Nde7 16.
Bf4 g5 17. Bg3 Nd5 18. Qg4 $14 {Sveshnikov,E-Oll,L/Vilnius 1997}) 13. Bg5 Be7 (
13... Qa5 $5) 14. Bd2 f5 15. Qc2 Bf6 16. Nxd5 exd5 17. Bc3 Qb6 18. Bd3 g6 19.
Qd2 Nxd4 $11 {Kindermann,S-Bareev,E/Germany 2000}) 12. Ng5 {Dieser Ausfall
erweist sich als recht harmlos. Das Springermanöver kostet Zeit und verursacht
nur eine leichte Schwächung der schwarzen Königsstellung, die durch das
Fianchetto Bb4-f8-g7 sofort in Schutz genommen wird.} ({In Frage kommt} 12. a3
Bf8 13. Qe4) 12... g6 13. h4 ({Nichts brachte Weiß} 13. Nge4 Bf8 14. Bg5 Be7
15. Bxe7 Ncxe7 16. Bb5 {1/2-1/2 Sveshnikov,E-Nisipeanu,L/Ljubljana 2002}) 13...
h6 ({Recht verlockend scheint} 13... Rc8 $1 14. Qd3 (14. h5 $2 Bxc3 15. hxg6
hxg6 16. bxc3 Ncb4 $17) 14... h6 15. Nf3 Bf8 $11) 14. Nf3 Bf8 15. h5 g5 16. Bc4
Rc8 {Schwarz kann mit der Eröffnung zufrieden sein.} 17. Qe4 Bg7 $1 (17... Nf6
18. Qe2) (17... Ncb4 18. Ne5) 18. Bb3 $2 {Weiß läßt sich auf ein verdächtiges
Endspiel ein, statt mit 18.Nxd5 den ungefähren Ausgleich zu bewahren.} (18.
Nxd5 $1 exd5 19. Qxd5 Be6 20. Qxd8 Rcxd8 21. d5 Na5 (21... Nb4 $2 22. Bxg5 $1
$16) 22. Bb5 Bd7 $44) 18... Na5 19. Bc2 f5 20. Qe1 Nxc3 21. bxc3 Qc7 $15 22.
Ne5 Qxc3 23. Qxc3 Rxc3 24. Bxf5 exf5 25. Bd2 (25. Nxd7 Rc2 $17) 25... Bxe5 $2 (
25... Rc2 $1 26. Bxa5 (26. Nxd7 Nc4 $17) 26... Ba4 $17 {hätte den Weißen in
Schwierigkeiten gebracht.}) 26. dxe5 Rc5 27. Bb4 Rcxe5 28. Rxd7 Nc6 29. Rxb7
$11 Nxb4 1/2-1/2

[Event "RUS-ch"]
[Site "Krasnodar"]
[Date "2002.08.27"]
[Round "1"]
[White "Lugovoi, Aleksei"]
[Black "Kharlov, Andrei"]
[Result "1/2-1/2"]
[WhiteElo "2516"]
[BlackElo "2609"]
[Annotator "Ribli"]
[PlyCount "83"]
[EventDate "2002.08.27"]
[EventType "swiss"]
[EventRounds "9"]
[EventCountry "RUS"]
[SourceTitle "CBM 091"]
[Source "ChessBase"]
[SourceDate "2002.11.12"]
[SourceVersion "1"]
[SourceVersionDate "2002.11.12"]
[SourceQuality "1"]

1. d4 d5 2. c4 e6 3. Nc3 Nf6 4. Nf3 dxc4 {Heutzutage ist die sogenannte Wiener
Variante sehr populär: Schwarz bekommt gute taktische Gegenchancen und
lebhaftes Figurenspiel.} 5. e4 Bb4 6. Bg5 c5 7. e5 {Die Alternative 7.Bxc4
wird häufiger gespielt.} h6 {Dieser Zug ist ganz spielbar, kommt aber weniger
vor. Die eigentliche Hauptvariante ist 7...cxd4, welche zu großen
Komplikationen führt.} (7... cxd4) 8. Bd2 (8. exf6 hxg5 9. fxg7 Rg8 {In dieser
komplitzierten Stellung steht Schwarz nicht schlechter.}) 8... Bxc3 9. bxc3 Ne4
10. Bxc4 O-O (10... Bd7 {[%cal Gd7c6] Mit diesem Zug möchte Schwarz seinen
Läufer nach c6 entwickeln. In unsere Hauptpartie spielt Schwarz denselben Plan,
aber später.} 11. d5 O-O 12. O-O exd5 13. Bxd5 Bc6 14. Bxe4 Bxe4 15. Be3 Qxd1
16. Rfxd1 b6 17. Rd6 Rc8 18. Nd2 Bf5 19. h3 h5 20. Bg5 (20. f4 Nc6 21. Kf2 Na5
22. g4 hxg4 23. hxg4 Bxg4 24. Rg1 Be6 {1-0 Shchekachev,A-Piket,J/Amsterdam
2001/CBM 83 ext (53)}) 20... Nc6 21. f4 Na5 22. Re1 {1-0 Dreev,A-Piket,J/Wijk
aan Zee 2002/CBM 87(41)}) (10... Nc6 11. O-O Nxd2 12. Qxd2 cxd4 13. cxd4 O-O
14. Rfd1 (14. Rfe1 b6 15. Re4 Ne7 16. Rg4 Nf5 17. d5 exd5 18. Bxd5 Rb8 19. Rd1
Bb7 20. Bxf7+ Kxf7 21. Qc2 Qc8 22. Qb3+ Ke8 {0-1 Genov,P-Ninov,N/Tsarevo 2001/
CBM 82 ext (38)}) 14... Ne7 15. Qf4 b6 16. Nd2 Bb7 17. Ne4 Bxe4 18. Qxe4 Rc8
19. d5 Nxd5 20. Bxd5 exd5 21. Rxd5 Qe7 22. Rad1 {1/2-1/2 Olafsson,H-Hjartarson,
J/ISL 1994/EXT 97 (22)}) 11. O-O cxd4 12. cxd4 {Weiß hat Raumvorteil, aber
seine Zentrumsstellung ist nicht elastisch, was Schwarz gute Chancen auf
Ausgleich einräumt.} Nxd2 (12... Bd7 $2 13. Bb4 Re8 14. d5 $16) 13. Qxd2 Bd7 $5
$11 {[%cal Gd7c6,Gc6f3][%mdl 4] Schwarz möchte den Läufer nach c6 und den
Springer nach d7 entwickeln.} (13... Nc6 {[%cal Gc6e7,Ge7d5]}) 14. d5 {Das ist
die einzige aktive Möglichkeit für Weiß.} exd5 15. Qxd5 (15. Bxd5 Bc6 16. Rad1
Bxd5 17. Qxd5 Qxd5 18. Rxd5 Nc6 $11) 15... Nc6 {Dieser Zug ist logisch -
Schwarz beendet seine Entwicklung - , aber die Alternative kommt auch in
Betracht.} (15... Bc6 $5 16. Qxd8 Rxd8 17. Rfd1 Nd7 18. e6 Bxf3 $5 (18... fxe6
19. Bxe6+ Kf8 $11) 19. gxf3 Ne5 20. exf7+ Kf8 21. Bd5 Rd7 $11) 16. Rfd1 Bf5 (
16... Bg4 17. Qe4 Qc8 18. Bd3 g6 $14) 17. Qc5 Qa5 18. Qxa5 (18. Qe3 Rfe8 $15)
18... Nxa5 19. Bd5 {Weiß hat etwas Aktivität: Andererseits ist die schwarze
Stellung fest und ohne Schwächen.} Rad8 20. Rd4 Rd7 21. Rad1 Rfd8 {Beide
Spieler verdoppeln die Türme auf der d-Linie. Nach dem Turmtausch stände
Schwarz theoretisch besser wegen seiner Bauernmehrheit am Damenflügel, und der
Pe5 kann auch schwach sein.} 22. h3 Kf8 23. g4 Bh7 24. e6 (24. Bxb7 $4 Rxd4 25.
Nxd4 Nxb7 $19) 24... fxe6 {[#]} 25. Bxb7 $5 {Dieser Zug ist sehr unerwartet.} (
25. Bxe6 Rxd4 26. Rxd4 Rxd4 27. Nxd4 $11) 25... Ke7 $5 {Schwarz bringt den
König ins Zentrum, was immer nützlich im Endspiel ist.} (25... Rxd4 26. Nxd4
Nxb7 (26... Rxd4 27. Rxd4 Nxb7 28. Rc4 $1 {[%cal Gc4c8]} (28. Rd7 Be4 29. f4)
28... Nd8 (28... Nd6 29. Rc6 Ke7 30. Rc7+ Kf6 31. Rxa7 $16) 29. Rc8 Ke7 30.
Rc7+ {[%cal Rc7a7,Rc7e7]} Kf6 31. Rxa7 $16 {[%csl Ga2]}) 27. Nxe6+ Ke7 28. Nxd8
Nxd8 29. f4 $14) 26. Ba6 (26. Rxd7+ Rxd7 27. Rxd7+ Kxd7 28. Ba6 Kd6 $11) 26...
Rxd4 27. Rxd4 Rxd4 28. Nxd4 {[%mdl 4096] Der schwarze König steht aktiv im
Zentrum, aber das Material ist so reduziert, dass das Remisergebnis sehr
wahrscheinlich ist.} e5 $5 (28... Kd6 29. f4 $11 (29. Nb5+ Kc5 30. Nxa7 Kb6 $19
)) 29. Nf3 (29. Nb5 Bd3 $15) 29... Kd6 $15 {[%csl Gd6] Wegen des aktiven
Königs hat Schwarz die etwas besseren Aussichten, aber das Material ist
reduziert.} 30. a3 Nb3 (30... e4 $1 $15) 31. Bc8 Be4 (31... Nd4 $5) 32. Nh4 {
[%cal Gh4f5]} Nd4 33. Kh2 {[%cal Gh2g3]} g5 $1 $17 34. Nf5+ (34. Ng2 Kc7 35.
Ba6 Kb6 36. Bc8 Kc5 $17) 34... Bxf5 (34... Nxf5 $1 35. gxf5 (35. Bxf5 Bxf5 36.
gxf5 Ke7 37. Kg3 h5 38. Kf3 Kf6 39. Ke4 g4 40. hxg4 hxg4 41. a4 a5 $22 $19)
35... Ke7 36. Kg3 h5 $17 (36... Kf6 37. Kg4 h5+ 38. Kxh5 Bxf5 39. Bxf5 Kxf5 40.
Kh6 $11 {Das ist - mit Zugumstellung - unsere Partiefortsetzung.})) 35. gxf5
Ke7 36. Kg3 Kf6 $2 {Dieser automatischer Zug ist nicht die beste Möglichkeit
für Schwarz. Es wäre viel besser den Zug 37.Kg4 mit 36...h5! zu verhindern.} (
36... h5 $1 $17) 37. Kg4 Nxf5 (37... h5+ $5 38. Kxh5 Nxf5 $15) 38. Bxf5 h5+ 39.
Kxh5 Kxf5 40. Kh6 $11 a5 41. a4 e4 42. Kg7 (42. Kg7 g4 43. hxg4+ (43. h4 g3 $19
) 43... Kxg4 44. Kf6 Kf3 45. Ke5 e3 (45... Kxf2 46. Kxe4 Kg3 $11) 46. fxe3 Kxe3
47. Kd5 Kf4 48. Kc5 Ke5 49. Kb5 Kd5 50. Kxa5 Kc6 $11) 1/2-1/2

[Event "RUS-ch"]
[Site "Krasnodar"]
[Date "2002.08.28"]
[Round "2"]
[White "Kharlov, Andrei"]
[Black "Poluljahov, Aleksandr"]
[Result "1-0"]
[WhiteElo "2609"]
[BlackElo "2512"]
[PlyCount "91"]
[EventDate "2002.08.27"]
[EventType "swiss"]
[EventRounds "9"]
[EventCountry "RUS"]
[SourceTitle "CBM 091"]
[Source "ChessBase"]
[SourceDate "2002.11.12"]
[SourceVersion "1"]
[SourceVersionDate "2002.11.12"]
[SourceQuality "1"]

1. d4 Nf6 2. c4 e6 3. Nc3 Bb4 4. e3 O-O 5. Nge2 d5 6. a3 Be7 7. cxd5 exd5 8. g3
a5 9. Bg2 Na6 10. O-O Re8 11. Bd2 c6 12. Qc2 Bf8 13. Rad1 b5 14. Na2 Bd7 15. f3
c5 16. dxc5 Bxc5 17. Nd4 Qb6 18. Qd3 Bf8 19. Nc1 Nc5 20. Qb1 b4 21. axb4 axb4
22. Nce2 g6 23. Kh1 Bh6 24. Nf4 Ne6 25. Ndxe6 Bxe6 26. Nxe6 Rxe6 27. f4 Bf8 28.
Qd3 Bc5 29. f5 Re5 30. fxg6 hxg6 31. Rf4 Rae8 32. Rdf1 R8e6 33. b3 Qd6 34. Bh3
g5 35. Bxe6 Rxe6 36. Rf5 Ne4 37. Qxd5 Nxd2 38. Qa8+ Qf8 39. Rxg5+ Kh8 40. Qa1+
Kh7 41. Rxc5 Qxc5 42. Rxf7+ Kh6 43. Qg7+ Kh5 44. g4+ Kh4 45. Qh7+ Kxg4 46. Rf4+
1-0